[Event "1st 4NCL Spring Bank Holiday Congress"]
[Site "Basingstoke"]
[Date "2018.05.25"]
[Round "1"]
[Board "1"]
[White "Bovtramovics, Vladimirs"]
[Black "Doherty, Paul D"]
[Result "1-0"]
[WhiteElo "1822"]
[BlackElo "1674"]
[PlyCount "85"]
[EventDate "2018.05.25"]
[EventRounds "7"]
[EventCountry "ENG"]

1. e4 e6 2. d4 d5 3. e5 c5 4. c3 Bd7 5. Bd3 Qb6 6. Ne2 f5 7. O-O Nc6 8. Bc2
O-O-O 9. a4 a5 10. Na3 Be7 11. Nb5 Na7 12. Nxa7+ Qxa7 13. dxc5 Bxc5 14. Rb1 Qb8
15. b4 Ba7 16. bxa5 Qxe5 17. a6 b6 18. c4 Qd6 19. Nc3 Nf6 20. Nb5 Bxb5 21. cxb5
Ng4 22. g3 h5 23. Bg5 Rd7 24. Bd3 Kb8 25. h3 h4 26. hxg4 hxg3 27. Qf3 gxf2+ 28.
Rxf2 g6 29. Bf6 Rhh7 30. Qf4 Ka8 31. Qxd6 Rxd6 32. Rc1 Bb8 33. Rfc2 Ka7 34. Rc8
Rdd7 35. R1c6 e5 36. gxf5 e4 37. Be2 gxf5 38. Bd4 Bc7 39. a5 Rdg7+ 40. Bxg7
Rxg7+ 41. Kf1 Bb8 42. axb6+ Ka8 43. a7 1-0

[Event "1st 4NCL Spring Bank Holiday Congress"]
[Site "Basingstoke"]
[Date "2018.05.25"]
[Round "1"]
[Board "2"]
[White "Richardson, John"]
[Black "Neatherway, A Philip"]
[Result "0-1"]
[WhiteElo "1622"]
[BlackElo "1810"]
[PlyCount "48"]
[EventDate "2018.05.25"]
[EventRounds "7"]
[EventCountry "ENG"]

1. e4 c5 2. Nf3 e6 3. d4 cxd4 4. Nxd4 a6 5. c4 Qc7 6. a3 Nf6 7. Nc3 Nc6 8. Be3
Be7 9. Be2 O-O 10. O-O d6 11. f4 Bd7 12. b4 Rfc8 13. Kh1 b6 14. h3 Qb8 15. g4
Nxd4 16. Qxd4 b5 17. e5 Bc6+ 18. Bf3 Bxf3+ 19. Rxf3 Rxc4 20. Qd2 dxe5 21. fxe5
Qxe5 22. Bf4 Qd4 23. Rd3 Qxf4 24. Qg2 Rac8 0-1

[Event "1st 4NCL Spring Bank Holiday Congress"]
[Site "Basingstoke"]
[Date "2018.05.25"]
[Round "1"]
[Board "3"]
[White "Stephens, Robert W"]
[Black "Radford, Mark SR"]
[Result "0-1"]
[WhiteElo "1802"]
[BlackElo "1616"]
[PlyCount "138"]
[EventDate "2018.05.25"]
[EventRounds "7"]
[EventCountry "ENG"]

1. Nf3 f5 2. d4 Nf6 3. Bg5 e6 4. Nc3 d5 5. e3 Be7 6. Bd3 O-O 7. O-O b6 8. Ne2
c5 9. c3 c4 10. Bc2 Nc6 11. Ba4 Bd7 12. Nf4 Qc8 13. Ne5 Rb8 14. Bxc6 Bxc6 15.
Nh5 Be8 16. Nf4 Bd6 17. Bxf6 Rxf6 18. Ne2 Rh6 19. f4 Bh5 20. Nf3 Qe8 21. Ng3
Bg6 22. Ne5 b5 23. a3 Qe7 24. Nc6 Qh4 25. Nxb8 Qxh2+ 26. Kf2 Rh3 27. Qf3 Bh5
28. Rh1 Bxf3 29. Rxh2 Rxh2 30. Kxf3 Bxb8 31. Rh1 Rxh1 32. Nxh1 Kf7 33. Ng3 Bd6
34. Ne2 h6 35. Nc1 g5 36. g3 g4+ 37. Kg2 h5 38. Ne2 Be7 39. Nc1 Kg6 40. Na2 a5
41. Nc1 h4 42. Ne2 hxg3 43. Ng1 Kh5 44. Ne2 Bh4 45. Ng1 Kg6 46. Ne2 Kf7 47. Ng1
Ke7 48. Ne2 Kd6 49. Nc1 Kc6 50. Na2 Kb6 51. Nc1 b4 52. a4 Be7 53. Ne2 bxc3 54.
bxc3 Ba3 55. Kxg3 Kc6 56. Kh4 Kd6 57. Kg5 Ke7 58. Kg6 Kd7 59. Kg5 Ke7 60. Kh4
Kf6 61. Kh5 Bb2 62. Kh4 Kg6 63. Kg3 Kh5 64. Kg2 Kh4 65. Kh2 g3+ 66. Kg2 Ba1 67.
Nxg3 Bxc3 68. Nf1 Kg4 69. Ng3 Bd2 0-1

[Event "1st 4NCL Spring Bank Holiday Congress"]
[Site "Basingstoke"]
[Date "2018.05.25"]
[Round "1"]
[Board "4"]
[White "Horlock, Peter J"]
[Black "Redmond, Michael F"]
[Result "1-0"]
[WhiteElo "1612"]
[BlackElo "1787"]
[PlyCount "53"]
[EventDate "2018.05.25"]
[EventRounds "7"]
[EventCountry "ENG"]

1. e4 g6 2. d4 d6 3. Nf3 Bg7 4. Be2 Nf6 5. Nc3 O-O 6. O-O c6 7. h3 b5 8. a3 a6
9. Be3 Nbd7 10. Qd2 c5 11. e5 Ne8 12. dxc5 Nxe5 13. Nxe5 Bxe5 14. c6 e6 15. Bh6
Nf6 16. Bxf8 Kxf8 17. Bf3 Rb8 18. Rae1 Qc7 19. Qh6+ Kg8 20. Qg5 Ne8 21. Nd1 Bf6
22. Qc1 d5 23. Bxd5 exd5 24. Rxe8+ Kg7 25. Ne3 Qxc6 26. Ng4 Qxe8 27. Qh6+ 1-0

[Event "1st 4NCL Spring Bank Holiday Congress"]
[Site "Basingstoke"]
[Date "2018.05.25"]
[Round "1"]
[Board "5"]
[White "Procter, Colin S"]
[Black "Hibbitt, Arthur M"]
[Result "1/2-1/2"]
[WhiteElo "1784"]
[BlackElo "1781"]
[PlyCount "45"]
[EventDate "2018.05.25"]
[EventRounds "7"]
[EventCountry "ENG"]

1. d4 d5 2. Bf4 c5 3. e3 Nc6 4. c3 Nf6 5. Nd2 Bf5 6. Qb3 Qb6 7. dxc5 Qxb3 8.
Nxb3 e5 9. Bg3 Nd7 10. Nf3 Bc2 11. Bb5 f6 12. O-O Nxc5 13. Nxc5 Bxc5 14. Rac1
Be4 15. Nd2 Bf5 16. Nb3 Bb6 17. c4 Bd3 18. Rfd1 Bxc4 19. Bxc4 dxc4 20. Rxc4 Ke7
21. Nc5 Rhd8 22. Rdc1 Bxc5 23. Rxc5 1/2-1/2

[Event "1st 4NCL Spring Bank Holiday Congress"]
[Site "Basingstoke"]
[Date "2018.05.25"]
[Round "1"]
[Board "6"]
[White "Towers, Brian"]
[Black "Brown, Geoffrey D"]
[Result "0-1"]
[WhiteElo "1780"]
[BlackElo "1547"]
[PlyCount "60"]
[EventDate "2018.05.25"]
[EventRounds "7"]
[EventCountry "ENG"]

1. d4 e6 2. Nf3 f5 3. Bf4 Nf6 4. Nc3 Be7 5. Qd3 Nc6 6. a3 d6 7. h3 O-O 8. g4 b6
9. gxf5 Nh5 10. Bd2 Rxf5 11. Bg2 a5 12. O-O-O Rb8 13. e4 Nf4 14. Bxf4 Rxf4 15.
Ne2 Rf7 16. Kb1 b5 17. d5 Ne5 18. Nxe5 dxe5 19. Qg3 Qf8 20. dxe6 Bxe6 21. Qxe5
Bc4 22. Nd4 Bd6 23. Qg5 h6 24. Qh5 Bxa3 25. bxa3 Qxa3 26. Qe5 Ba2+ 27. Ka1 Rxf2
28. Qxc7 Bc4+ 29. Kb1 Qa2+ 30. Kc1 Qa1# 0-1

[Event "1st 4NCL Spring Bank Holiday Congress"]
[Site "Basingstoke"]
[Date "2018.05.25"]
[Round "1"]
[Board "7"]
[White "Sartain, Patrick P"]
[Black "Piecha, Lukasz Marek"]
[Result "1-0"]
[WhiteElo "1541"]
[BlackElo "1774"]
[PlyCount "47"]
[EventDate "2018.05.25"]
[EventRounds "7"]
[EventCountry "ENG"]

1. e4 c5 2. f4 g6 3. Nf3 Bg7 4. c3 Nc6 5. Bc4 e6 6. e5 Nge7 7. O-O O-O 8. d4
cxd4 9. cxd4 Nf5 10. Nc3 Qb6 11. Ne2 f6 12. Kh1 fxe5 13. fxe5 d6 14. Bf4 dxe5
15. dxe5 Ne3 16. Bxe3 Qxe3 17. Qd6 Bxe5 18. Nxe5 Rd8 19. Bxe6+ Kg7 20. Rf7+ Kh6
21. Ng4+ Kh5 22. h4 Kxh4 23. Qh2+ Kg5 24. Qh6# 1-0

[Event "1st 4NCL Spring Bank Holiday Congress"]
[Site "Basingstoke"]
[Date "2018.05.25"]
[Round "1"]
[Board "8"]
[White "Chapman, Philip M "]
[Black "O`Gorman, Brian"]
[Result "1-0"]
[WhiteElo "1772"]
[BlackElo "1537"]
[PlyCount "77"]
[EventDate "2018.05.25"]
[EventRounds "7"]
[EventCountry "ENG"]

1. c4 c5 2. Nc3 Nc6 3. g3 b6 4. Bg2 Bb7 5. Nf3 Nf6 6. O-O e6 7. e4 Na5 8. d3 d6
9. Re1 Be7 10. a3 O-O 11. Bd2 a6 12. b3 h6 13. Rb1 Nh7 14. b4 cxb4 15. axb4 Nc6
16. Be3 d5 17. exd5 Nxb4 18. Na4 b5 19. Nc5 Qc7 20. Nxb7 Qxb7 21. d6 Bxd6 22.
c5 Nd5 23. cxd6 Nc3 24. Qb3 Nxb1 25. Nd4 Qd7 26. Bxa8 Rxa8 27. Rxb1 Qxd6 28.
Rc1 Nf6 29. Rc6 Qd5 30. Qc2 a5 31. Rc5 Qd7 32. Nxb5 a4 33. Bc1 Nd5 34. Ba3 f5
35. Nc7 Nxc7 36. Rxc7 Qd5 37. Bb2 g5 38. Rg7+ Kf8 39. Qc7 1-0

[Event "1st 4NCL Spring Bank Holiday Congress"]
[Site "Basingstoke"]
[Date "2018.05.25"]
[Round "1"]
[Board "9"]
[White "Tomy, Jeff"]
[Black "Tivillier, Jacques"]
[Result "1-0"]
[WhiteElo "1536"]
[BlackElo "1771"]
[PlyCount "35"]
[EventDate "2018.05.25"]
[EventRounds "7"]
[EventCountry "ENG"]

1. d4 f5 2. Bg5 Nf6 3. Bxf6 exf6 4. c4 Bb4+ 5. Nc3 Nc6 6. e3 O-O 7. Nf3 Re8 8.
Be2 Qe7 9. O-O Bxc3 10. bxc3 f4 11. d5 Nd8 12. Nd4 fxe3 13. Nf5 exf2+ 14. Rxf2
Qe5 15. Bh5 Rf8 16. Qg4 g6 17. Bxg6 Kh8 18. Bxh7 1-0

[Event "1st 4NCL Spring Bank Holiday Congress"]
[Site "Basingstoke"]
[Date "2018.05.25"]
[Round "1"]
[Board "10"]
[White "Henley, Robert"]
[Black "Hatzipanteli, Theodora"]
[Result "1-0"]
[WhiteElo "1765"]
[BlackElo "1521"]
[PlyCount "115"]
[EventDate "2018.05.25"]
[EventRounds "7"]
[EventCountry "ENG"]

1. Nf3 d5 2. c4 e6 3. b3 Nf6 4. Bb2 g6 5. g3 Bg7 6. Bg2 O-O 7. O-O Nbd7 8. Qc2
Re8 9. d3 c6 10. Nbd2 e5 11. e4 a5 12. a3 dxe4 13. dxe4 Qc7 14. Rac1 c5 15.
Rfd1 Bh6 16. Ra1 Nf8 17. Nb1 Bg4 18. Nc3 Bxf3 19. Bxf3 Ne6 20. Nb5 Qb8 21. Nd6
Rd8 22. Nb5 Nd4 23. Nxd4 exd4 24. Bc1 Bxc1 25. Qxc1 Qe5 26. Re1 Rd6 27. Bg2
Rdd8 28. Qd1 Re8 29. f4 Qe6 30. e5 Ng4 31. Bxb7 Rab8 32. Qf3 Ne3 33. Bd5 Qf5
34. Be4 Qe6 35. Rab1 Rb6 36. Bd5 Qf5 37. Be4 Qe6 38. Rxe3 dxe3 39. Qxe3 Qc8 40.
Bd5 Qf5 41. Be4 Qc8 42. Rf1 Qb8 43. Rf3 Qc7 44. Bd5 Qe7 45. h4 Reb8 46. Kg2 a4
47. bxa4 Rb1 48. f5 R8b2+ 49. Rf2 Rxf2+ 50. Kxf2 gxf5 51. e6 fxe6 52. Bxe6+ Kf8
53. Qe5 Qg7 54. Qxf5+ Ke7 55. Qxb1 Kxe6 56. Qb6+ Kf5 57. Qxc5+ Ke4 58. Qd5# 1-0

[Event "1st 4NCL Spring Bank Holiday Congress"]
[Site "Basingstoke"]
[Date "2018.05.25"]
[Round "1"]
[Board "11"]
[White "Hammond, Benjamin"]
[Black "Winter, Kevin"]
[Result "0-1"]
[WhiteElo "1483"]
[BlackElo "1755"]
[PlyCount "88"]
[EventDate "2018.05.25"]
[EventRounds "7"]
[EventCountry "ENG"]

1. e4 d6 2. d4 Nf6 3. Nc3 Nbd7 4. Nf3 e5 5. dxe5 dxe5 6. Bc4 Be7 7. O-O h6 8.
Be3 c6 9. Qd3 O-O 10. Rad1 Qc7 11. Qe2 b5 12. Bd3 Nc5 13. a3 Nxd3 14. Rxd3 Be6
15. Qd2 Bc4 16. Rd1 Bxd3 17. Qxd3 Rfd8 18. Qe2 Rxd1+ 19. Qxd1 Rd8 20. Qe2 a5
21. h3 b4 22. axb4 axb4 23. Na4 Qa5 24. b3 Qb5 25. c4 bxc3 26. Qxb5 cxb5 27.
Nxc3 b4 28. Nd5 Nxd5 29. exd5 Rxd5 30. Nd2 f5 31. g3 Rd3 32. Kf1 Kf7 33. Ke2
Rc3 34. f3 Ke6 35. h4 Kd5 36. Bb6 e4 37. fxe4+ fxe4 38. Be3 g5 39. h5 Bd6 40.
Bb6 Rxg3 41. Bd8 Rh3 42. Bf6 Be5 43. Be7 Bc3 44. Kd1 Rxh5 0-1

[Event "1st 4NCL Spring Bank Holiday Congress"]
[Site "Basingstoke"]
[Date "2018.05.25"]
[Round "1"]
[Board "12"]
[White "Chilton, James I"]
[Black "Kirby, Andrew"]
[Result "1-0"]
[WhiteElo "1749"]
[BlackElo "1424"]
[PlyCount "71"]
[EventDate "2018.05.25"]
[EventRounds "7"]
[EventCountry "ENG"]

1. e4 d5 2. exd5 Nf6 3. d4 Nxd5 4. Nf3 Bf5 5. a3 e6 6. c4 Nf6 7. Nc3 Be7 8. b4
O-O 9. Bb2 c6 10. Be2 Nbd7 11. O-O h6 12. Re1 Rc8 13. Qb3 Qc7 14. Rac1 Rfd8 15.
d5 Nb6 16. Nd4 Bg6 17. dxc6 bxc6 18. c5 Nbd5 19. Bf3 a6 20. Nce2 Rb8 21. Ng3
Rb7 22. Qa4 a5 23. Nxc6 Rc8 24. Nxa5 Ra8 25. Be5 Qc8 26. c6 Rba7 27. Qb3 Bd8
28. Bd4 Rxa5 29. bxa5 Bxa5 30. Red1 Rb8 31. Qa2 Bb6 32. Bxb6 Rxb6 33. Qc4 Ra6
34. a4 Nb6 35. Qb5 Nxa4 36. c7 1-0

[Event "1st 4NCL Spring Bank Holiday Congress"]
[Site "Basingstoke"]
[Date "2018.05.25"]
[Round "1"]
[Board "13"]
[White "Stoyanov, Boris"]
[Black "O'Gorman, Brendan"]
[Result "1/2-1/2"]
[WhiteElo "1310"]
[BlackElo "1698"]
[PlyCount "66"]
[EventDate "2018.05.25"]
[EventRounds "7"]
[EventCountry "ENG"]

1. d4 Nf6 2. c4 b6 3. Nc3 Bb7 4. d5 e6 5. e4 Bb4 6. Nf3 O-O 7. Bg5 h6 8. Bh4 d6
9. Bd3 Nbd7 10. O-O Bxc3 11. bxc3 Nc5 12. Bc2 Ba6 13. Nd2 g5 14. Bg3 e5 15. Qe2
Qd7 16. Qf3 Kg7 17. Rab1 Qg4 18. Qxg4 Nxg4 19. h3 Nf6 20. f3 Nh5 21. Bh2 Nf4
22. Bxf4 gxf4 23. Rb4 Kf6 24. Nb3 Rab8 25. Rb1 Nxb3 26. axb3 Bc8 27. Ra1 a6 28.
Rba4 Rg8 29. Kh2 Bb7 30. Bd3 Rg3 31. b4 Rbg8 32. Bf1 Bc8 33. R4a2 Ke7 1/2-1/2

[Event "1st 4NCL Spring Bank Holiday Congress"]
[Site "Basingstoke"]
[Date "2018.05.25"]
[Round "1"]
[Board "15"]
[White "O'Brien, Paul W"]
[Black "Langham, Rod E"]
[Result "1/2-1/2"]
[WhiteElo "1442"]
[BlackElo "1684"]
[PlyCount "90"]
[EventDate "2018.05.25"]
[EventRounds "7"]
[EventCountry "ENG"]

1. e4 e6 2. d4 d5 3. Nd2 Nf6 4. e5 Nfd7 5. f4 c5 6. Ndf3 Nc6 7. Ne2 Qb6 8. c3
Be7 9. g3 f6 10. Bg2 fxe5 11. fxe5 O-O 12. O-O Ndxe5 13. Nxe5 Rxf1+ 14. Qxf1
Nxe5 15. dxe5 Bd7 16. Qe1 Rf8 17. Nf4 a6 18. a4 c4+ 19. Be3 Bc5 20. Bxc5 Qxc5+
21. Kh1 Qb6 22. Qe2 Rf5 23. Bh3 Rf8 24. Kg2 Kh8 25. Rf1 d4 26. Ng6+ hxg6 27.
Rxf8+ Kh7 28. cxd4 Bc6+ 29. Kf1 Qxd4 30. Bg2 Bxa4 31. Bxb7 Bb5 32. Qe4 c3+ 33.
Kg2 Qd2+ 34. Rf2 Qd7 35. bxc3 Bd3 36. Qd4 Qxb7+ 37. Kh3 Bf5+ 38. g4 Be4 39. Kg3
Bd5 40. g5 Qe7 41. h4 Qa3 42. Qb4 Qc1 43. Qd4 Qg1+ 44. Kf4 Qc1+ 45. Qe3 Qh1
 1/2-1/2

[Event "1st 4NCL Spring Bank Holiday Congress"]
[Site "Basingstoke"]
[Date "2018.05.26"]
[Round "2"]
[Board "1"]
[White "Watson, Darrell A"]
[Black "Bovtramovics, Vladimirs"]
[Result "0-1"]
[WhiteElo "1694"]
[BlackElo "1822"]
[PlyCount "76"]
[EventDate "2018.05.25"]
[EventRounds "7"]
[EventCountry "ENG"]

1. d3 e5 2. e4 Nc6 3. Nf3 Nf6 4. Nbd2 Bc5 5. h3 O-O 6. Be2 d5 7. c3 Qe7 8. Qc2
d4 9. Nf1 h6 10. g4 Nh7 11. Ng3 dxc3 12. bxc3 Be6 13. Nf5 Bxf5 14. gxf5 Nf6 15.
Nh2 b5 16. Rg1 Kh7 17. Ng4 Nxg4 18. Rxg4 b4 19. Bd2 bxc3 20. Bxc3 Nd4 21. Bxd4
Bxd4 22. Rc1 c5 23. Kf1 a5 24. Kg2 Rab8 25. Rb1 Qd6 26. Rg1 Rb2 27. Qc1 a4 28.
Kh2 Rg8 29. R1g2 Rxa2 30. R4g3 Qf6 31. Rf3 Ra1 32. Qd2 a3 33. Rg1 Rxg1 34. Kxg1
Rb8 35. Qa5 a2 36. Bd1 Rb2 37. Kg2 Rxf2+ 38. Rxf2 a1=Q 0-1

[Event "1st 4NCL Spring Bank Holiday Congress"]
[Site "Basingstoke"]
[Date "2018.05.26"]
[Round "2"]
[Board "2"]
[White "Neatherway, A Philip"]
[Black "Horlock, Peter J"]
[Result "0-1"]
[WhiteElo "1810"]
[BlackElo "1612"]
[PlyCount "46"]
[EventDate "2018.05.25"]
[EventRounds "7"]
[EventCountry "ENG"]

1. e4 e5 2. Nf3 Nc6 3. Bb5 d6 4. Bxc6+ bxc6 5. d4 exd4 6. Nxd4 Bb7 7. Nc3 c5 8.
Nb3 c6 9. O-O Nf6 10. Re1 Be7 11. Bf4 O-O 12. Qf3 d5 13. Rad1 c4 14. Nd4 Bb4
15. e5 Ne4 16. Nxe4 dxe4 17. Qxe4 Bxe1 18. Qxe1 Qe7 19. Nf5 Qe6 20. Nd6 Rab8
21. Qc3 Rfd8 22. Re1 c5 23. Qg3 Rxd6 0-1

[Event "1st 4NCL Spring Bank Holiday Congress"]
[Site "Basingstoke"]
[Date "2018.05.26"]
[Round "2"]
[Board "4"]
[White "Brown, Geoffrey D"]
[Black "Henley, Robert"]
[Result "0-1"]
[WhiteElo "1547"]
[BlackElo "1765"]
[PlyCount "70"]
[EventDate "2018.05.25"]
[EventRounds "7"]
[EventCountry "ENG"]

1. b3 e6 2. Bb2 Nf6 3. e3 Be7 4. Be2 b6 5. f4 Bb7 6. Nf3 d6 7. O-O O-O 8. Qe1
Nbd7 9. d3 Nd5 10. Bd1 Bf6 11. Nc3 Nxc3 12. Bxc3 Bxc3 13. Qxc3 Qf6 14. Qxc7
Qxa1 15. Qxd7 Rab8 16. Nd4 Qxa2 17. Qxd6 Qa5 18. Bf3 Bxf3 19. Nxf3 Rbd8 20. Qe7
Rfe8 21. Qh4 Qc5 22. Qf2 Rc8 23. Nd4 Red8 24. Ra1 a5 25. Ra4 e5 26. Rc4 Qd6 27.
Nf5 Qf6 28. fxe5 Qxe5 29. d4 Rxc4 30. bxc4 Qe6 31. d5 Qe4 32. Qf4 Qxf4 33. exf4
Kf8 34. Nd4 Rc8 35. Nc6 Rxc6 0-1

[Event "1st 4NCL Spring Bank Holiday Congress"]
[Site "Basingstoke"]
[Date "2018.05.26"]
[Round "2"]
[Board "5"]
[White "Winter, Kevin"]
[Black "Sartain, Patrick P"]
[Result "1/2-1/2"]
[WhiteElo "1755"]
[BlackElo "1541"]
[PlyCount "113"]
[EventDate "2018.05.25"]
[EventRounds "7"]
[EventCountry "ENG"]

1. e4 Nc6 2. d4 e6 3. Nc3 g6 4. Nf3 Bg7 5. Bg5 Nge7 6. Qd2 a6 7. Be2 d6 8. O-O
h6 9. Be3 d5 10. e5 Nf5 11. Nd1 Nxe3 12. Nxe3 f5 13. exf6 Qxf6 14. c3 h5 15.
Bd3 Bd7 16. Qc2 Rh6 17. a4 g5 18. b4 g4 19. Nd2 Ne7 20. Rae1 O-O-O 21. b5 a5
22. Nb3 b6 23. c4 dxc4 24. Bxc4 Nf5 25. Qe4 Kb8 26. Nxf5 exf5 27. Qe7 Bc8 28.
Qxf6 Bxf6 29. Rd1 f4 30. Rfe1 f3 31. d5 fxg2 32. Kxg2 Bc3 33. Re3 Bb4 34. Nd4
Kb7 35. Nc6 Rf8 36. Nxb4 axb4 37. Rd4 Rhf6 38. Rd2 Rf4 39. Bb3 h4 40. d6 cxd6
41. Re7+ Kb8 42. Bd5 R8f5 43. Re8 Re5 44. Rh8 Rxd5 45. Rxd5 b3 46. Rd2 Rxa4 47.
Rb2 Rb4 48. f3 gxf3+ 49. Kxf3 d5 50. Ke3 h3 51. Rg8 Rxb5 52. Kd4 Kb7 53. Kc3
Bd7 54. Rg7 Kc6 55. Rxb3 Rxb3+ 56. Kxb3 Bf5 57. Kc3 1/2-1/2

[Event "1st 4NCL Spring Bank Holiday Congress"]
[Site "Basingstoke"]
[Date "2018.05.26"]
[Round "2"]
[Board "6"]
[White "Tomy, Jeff"]
[Black "Chilton, James I"]
[Result "1-0"]
[WhiteElo "1536"]
[BlackElo "1749"]
[PlyCount "71"]
[EventDate "2018.05.25"]
[EventRounds "7"]
[EventCountry "ENG"]

1. d4 Nf6 2. c4 e6 3. g3 d5 4. Nf3 c6 5. Nc3 Ne4 6. Bg2 Be7 7. O-O O-O 8. Qc2
f5 9. Ne5 Nd7 10. Nxd7 Bxd7 11. c5 Bf6 12. Rd1 e5 13. Nxe4 fxe4 14. dxe5 Bxe5
15. Qb3 Qf6 16. Rf1 Bf5 17. e3 Rf7 18. f4 Bb8 19. Bd2 h5 20. h3 g5 21. Bc3 Qg6
22. Kh2 h4 23. gxh4 gxf4 24. exf4 Be6 25. Bd2 d4 26. Qc2 Bf5 27. Rg1 d3 28. Qc4
Kf8 29. Bxe4 Qe6 30. Qxe6 Bxe6 31. Bxd3 Bxf4+ 32. Bxf4 Rxf4 33. Kg3 Rd4 34.
Raf1+ Kg7 35. Kh2+ Kh8 36. Rf6 1-0

[Event "1st 4NCL Spring Bank Holiday Congress"]
[Site "Basingstoke"]
[Date "2018.05.26"]
[Round "2"]
[Board "7"]
[White "Usharovsky, Ron"]
[Black "Procter, Colin S"]
[Result "0-1"]
[WhiteElo "1519"]
[BlackElo "1784"]
[PlyCount "140"]
[EventDate "2018.05.25"]
[EventRounds "7"]
[EventCountry "ENG"]

1. e4 e6 2. d4 d5 3. Nd2 a6 4. Bd3 c5 5. c3 Nc6 6. Ne2 cxd4 7. cxd4 dxe4 8.
Nxe4 Nf6 9. Bg5 Bb4+ 10. N4c3 Be7 11. O-O O-O 12. Rc1 Nd5 13. Bxe7 Ncxe7 14.
Nxd5 Nxd5 15. Nc3 Nf6 16. Be2 Bd7 17. Qb3 Bc6 18. Rfd1 Qa5 19. Nb1 Rad8 20. Rc5
Qa4 21. Qxa4 Bxa4 22. b3 Bc6 23. Bxa6 Ra8 24. Bb5 Nd7 25. Rxc6 bxc6 26. Bxc6
Ra7 27. a4 Rb8 28. Nd2 Rc7 29. Bb5 Nf6 30. Nc4 Ne4 31. Re1 Nc3 32. Na3 Kf8 33.
f3 Rd8 34. Bc4 Rxd4 35. Re3 Nd5 36. Re4 Rxe4 37. fxe4 Nc3 38. a5 Ke7 39. e5 Kd8
40. b4 Kc8 41. b5 Rc5 42. a6 {It appears Black played 42. ... Nc3-a5 here,
illegal. Moves 42-45 simulate this illegal move to reach the "game" position.}
Nd5 43. Kf2 Ne7 44. Kf1 Nc6 45. Kg1 Na5 {42. ... Nc3-a5 completed, the game
resumes.} 46. Be2 Kb8 47. b6 Nc6 48. Bf3 Na7 49. Kf2 Nc8 50. a7+ Nxa7 51. bxa7+
Kxa7 52. g4 Kb6 53. Kg3 Rc3 54. Nb1 Rd3 55. Kf4 Kc5 56. Be4 Rh3 57. Nd2 h6 58.
Nf3 g5+ 59. Ke3 h5 60. gxh5 g4 61. Kf4 gxf3 62. Bxf3 Rxh2 63. Kg5 Kd4 64. Kf6
Rf2 65. Kxf7 Kxe5 66. h6 Rxf3+ 67. Kg7 Rh3 68. h7 Kf4 69. h8=Q Rxh8 70. Kxh8 e5
 0-1

[Event "1st 4NCL Spring Bank Holiday Congress"]
[Site "Basingstoke"]
[Date "2018.05.26"]
[Round "2"]
[Board "8"]
[White "Hibbitt, Arthur M"]
[Black "Golding, William"]
[Result "1-0"]
[WhiteElo "1781"]
[BlackElo "1517"]
[PlyCount "73"]
[EventDate "2018.05.25"]
[EventRounds "7"]
[EventCountry "ENG"]

1. f4 Nf6 2. Nf3 e6 3. g3 d5 4. Bg2 c5 5. d3 Nc6 6. O-O Qb6 7. c3 Be7 8. Na3
c4+ 9. d4 Bxa3 10. bxa3 Ne4 11. Qc2 a5 12. Ne5 Nxd4 13. cxd4 Qxd4+ 14. e3 Qxa1
15. Bd2 Qxf1+ 16. Kxf1 Nc5 17. e4 f6 18. Be3 Nxe4 19. Bxe4 fxe5 20. Bg2 O-O 21.
Bc5 Rf7 22. Bd6 exf4 23. gxf4 b5 24. Qe2 Ra6 25. Be5 b4 26. h4 c3 27. h5 Rc6
28. Qc2 Rc4 29. Kg1 Bd7 30. Bf1 Rc8 31. Bd3 h6 32. Bh7+ Kh8 33. Bg6 Rff8 34.
Qg2 Be8 35. Bxe8 Rg8 36. Qg6 c2 37. Qxh6# 1-0

[Event "1st 4NCL Spring Bank Holiday Congress"]
[Site "Basingstoke"]
[Date "2018.05.26"]
[Round "2"]
[Board "9"]
[White "Zheng, Harry Z"]
[Black "Goodfellow, Russell R"]
[Result "0-1"]
[WhiteElo "1502"]
[BlackElo "1774"]
[PlyCount "90"]
[EventDate "2018.05.25"]
[EventRounds "7"]
[EventCountry "ENG"]

1. e4 c5 2. Nf3 e6 3. d4 cxd4 4. Nxd4 Nf6 5. Nb5 Nxe4 6. Bf4 Na6 7. Nd6+ Bxd6
8. Bxd6 Qb6 9. Bg3 Qxb2 10. Nd2 Nc3 11. Qc1 Qxc1+ 12. Rxc1 Nxa2 13. Ra1 N6b4
14. Bd3 Nxd3+ 15. cxd3 Nb4 16. O-O d5 17. d4 Nc2 18. Ra4 Bd7 19. Ra2 Nxd4 20.
Re1 O-O 21. Be5 Nc6 22. Rb2 Nxe5 23. Rxe5 b6 24. h3 Rfc8 25. Nf3 f6 26. Re1 e5
27. Rd2 Rc5 28. Ra1 a5 29. Rb2 b5 30. Rab1 Rac8 31. Rd2 Rc1+ 32. Rd1 Rxb1 33.
Rxb1 b4 34. Kf1 Bb5+ 35. Ke1 Rc2 36. Ra1 a4 37. Kd1 b3 38. Nd2 e4 39. Nb1 Ra2
40. Kc1 b2+ 41. Kd2 bxa1=Q+ 42. Ke3 Re2+ 43. Kf4 Qe5+ 44. Kg4 Bd7+ 45. Kh4 Qg5#
 0-1

[Event "1st 4NCL Spring Bank Holiday Congress"]
[Site "Basingstoke"]
[Date "2018.05.26"]
[Round "2"]
[Board "10"]
[White "Ruffle, Alan P"]
[Black "Willmoth, Harrison"]
[Result "1-0"]
[WhiteElo "1474"]
[BlackElo "1754"]
[PlyCount "57"]
[EventDate "2018.05.25"]
[EventRounds "7"]
[EventCountry "ENG"]

1. e4 d6 2. d4 Nf6 3. Nc3 c6 4. f4 Qa5 5. Bd2 e5 6. Nf3 Be7 7. dxe5 dxe5 8.
Nxe5 Nbd7 9. Nc4 Qc7 10. Bd3 b5 11. Ne3 Nc5 12. O-O b4 13. e5 bxc3 14. exf6
cxb2 15. fxg7 Rg8 16. Rb1 Nxd3 17. cxd3 Bf6 18. Qc2 Qb6 19. Kh1 Be6 20. Nc4 Qd8
21. Nxb2 Bd5 22. Rfe1+ Kd7 23. Nc4 Qc7 24. Ba5 Qc8 25. Ne3 Rxg7 26. Nxd5 cxd5
27. Qa4+ Qc6 28. Rb7+ Kc8 29. Qxc6# 1-0

[Event "1st 4NCL Spring Bank Holiday Congress"]
[Site "Basingstoke"]
[Date "2018.05.26"]
[Round "2"]
[Board "11"]
[White "Homer, Neil S"]
[Black "Mellor, Jessica"]
[Result "1-0"]
[WhiteElo "1750"]
[BlackElo "1457"]
[PlyCount "119"]
[EventDate "2018.05.25"]
[EventRounds "7"]
[EventCountry "ENG"]

1. Nf3 Nf6 2. c4 c6 3. d4 d5 4. e3 Bg4 5. Qb3 Qb6 6. c5 Qxb3 7. axb3 Bxf3 8.
gxf3 Nbd7 9. f4 e6 10. Rg1 g6 11. Nc3 b6 12. b4 b5 13. Bd3 Bg7 14. Bd2 O-O 15.
Ke2 a6 16. Ra5 Nb8 17. f3 Re8 18. Rga1 Re7 19. Be1 Raa7 20. Bh4 Rac7 21. Kd2
Re8 22. Ne2 Nh5 23. Ng1 f5 24. Nh3 Bf6 25. Bxf6 Nxf6 26. Rg1 Rg7 27. Nf2 Kf7
28. h4 h6 29. Raa1 Reg8 30. Nh3 Nh7 31. Ke2 g5 32. hxg5 hxg5 33. fxg5 Nxg5 34.
Nxg5+ Rxg5 35. Kf2 Kf6 36. Rxg5 Rxg5 37. Rh1 Kf7 38. f4 Rg7 39. Be2 Rg8 40. Rh6
Nd7 41. Bh5+ Ke7 42. Rh7+ Kd8 43. Bf7 Rf8 44. Bxe6 Nf6 45. Ra7 Ne4+ 46. Ke2
Ng3+ 47. Kf3 Nf1 48. Ra8+ Ke7 49. Rxf8 Kxf8 50. Bxf5 Nd2+ 51. Ke2 Nc4 52. b3
Na3 53. Kd2 Ke7 54. Kc1 a5 55. bxa5 b4 56. Bd3 Nc4 57. bxc4 b3 58. cxd5 cxd5
59. a6 b2+ 60. Kxb2 1-0

[Event "1st 4NCL Spring Bank Holiday Congress"]
[Site "Basingstoke"]
[Date "2018.05.26"]
[Round "2"]
[Board "12"]
[White "O'Gorman, Brendan"]
[Black "Zhu, Feng"]
[Result "1-0"]
[WhiteElo "1698"]
[BlackElo "1457"]
[PlyCount "89"]
[EventDate "2018.05.25"]
[EventRounds "7"]
[EventCountry "ENG"]

1. Nf3 d5 2. c4 c6 3. g3 Nf6 4. Bg2 h6 5. O-O g5 6. cxd5 g4 7. Ne5 Nxd5 8. Qb3
Qb6 9. Bxd5 cxd5 10. Qxd5 Be6 11. Qe4 h5 12. d4 Bg7 13. Nc3 f5 14. Qc2 Qxd4 15.
Ng6 Qc5 16. Be3 Qc6 17. Nxh8 Bxh8 18. Rac1 Bxc3 19. Qxc3 Qxc3 20. Rxc3 Nc6 21.
a3 a6 22. Rd1 Kf7 23. Kf1 Rh8 24. Bg5 Rg8 25. Bh4 Rc8 26. b4 Ne5 27. Rxc8 Bxc8
28. Rd8 Bd7 29. Rh8 Ng6 30. Rxh5 Nxh4 31. Rxh4 Kg7 32. h3 gxh3 33. Rxh3 f4 34.
Rh4 fxg3 35. fxg3 Bc6 36. Rf4 e5 37. Rf5 e4 38. e3 Kg6 39. Rf4 Kg5 40. Ke1 Kg6
41. Kd2 Kg5 42. Kc3 Kg6 43. Kd4 Kg5 44. Rxe4 Bxe4 45. Kxe4 1-0